书目信息 |
| 题名: |
贾祖璋科普创作选集
|
|
| 作者: | 贾祖璋 著 | |
| 分册: | ||
| 出版信息: | 北京 科学普及出版社 1981 |
|
| 页数: | 264页 | |
| 开本: | 19cm | |
| 丛书名: | ||
| 单 册: | ||
| 中图分类: | Q-49 | |
| 科图分类: | ||
| 主题词: | 生物学--普及读物 | |
| 电子资源: | ||
| ISBN: | ||
| 000 | 00656nam0 2200241 45 | |
| 001 | 0181004925 | |
| 005 | 20060811162810.71 | |
| 010 | @dCNY0.85 | |
| 091 | @a13211.5 | |
| 100 | @a19950323d1981 em y0chiy0121 ea | |
| 101 | 0 | @achi |
| 102 | @aCN@b110000 | |
| 105 | @ay z 000yy | |
| 200 | 10 | @a贾祖璋科普创作选集@Ajia zu zhang ke pu chuang zuo xuan ji@f贾祖璋著 |
| 210 | @a北京@c科学普及出版社@d1981 | |
| 215 | @a264页@d19cm | |
| 517 | 1 | @a科普创作选集@Ake pu chuang zuo xuan ji |
| 606 | @a生物学@x普及读物 | |
| 690 | @aQ-49@v3 | |
| 701 | 0 | @a贾祖璋@Ajia zu zhang@4著 |
| 801 | 2 | @aCN@bNLC@c20060811 |
| 801 | 0 | @aCN@bTSSF |
| 905 | @a10447@dQ-49@e50 | |
| 贾祖璋科普创作选集/贾祖璋著.-北京:科学普及出版社,1981 |
| 264页;19cm |
| ISBN :CNY0.85 |
| ● |
| 相关链接 |
|
|
|
|
正题名:贾祖璋科普创作选集
索取号:Q-49/50
 
预约/预借
| 序号 | 登录号 | 条形码 | 馆藏地/架位号 | 状态 | 备注 |
| 1 | 0452270 | 204522702 | 密集书库/ [索取号:Q-49/50] | 在馆 |